Historia de la filosofía: Grecia y Roma

Uloženo v:
Podrobná bibliografie
Hlavní autor: Copleston, Frederick
Médium: Kniha
Jazyk:Spanish
Vydáno: Barcelona, España Ariel 1977
Vydání:3
Témata:
Tagy: Přidat tag
Žádné tagy, Buďte první, kdo vytvoří štítek k tomuto záznamu!

MARC

LEADER 00000nam a2200000Ia 4500
008 170316s9999 xx 000 0 spa d
040 |a cru BVZT 
090 |a H-100 C-2h v.1 
100 |a Copleston, Frederick 
245 |a Historia de la filosofía: Grecia y Roma  |c Frederick Copleston 
250 |a 3 
260 |a Barcelona, España 
260 |b Ariel 
260 |c 1977 
300 |a 508 páginas. Vol. 1 
650 |a FILOSOFÍA  |9 5 
650 |a HISTORIA  |9 90 
650 |a GRECIA 
650 |a ROMA 
999 |c 28892  |d 28892 
942 |c 4 D  |h H-100 C-2h v.1  |2 z